| 000 | 00608cam a2200229 a 4500 | ||
|---|---|---|---|
| 001 | 702384 | ||
| 005 | 20180827072700.0 | ||
| 008 | 961001s1997 nyua 001 0 eng | ||
| 010 | _a 96203538 | ||
| 020 | _a0471105589 | ||
| 040 |
_aDLC _cDLC _dDLC |
||
| 041 | _aeng | ||
| 080 | _a530 | ||
| 082 | 0 | 0 |
_a530 _221 |
| 100 | 1 | _a43 | |
| 101 | _aFIZ | ||
| 245 | 1 | 0 | _aFundamentals of physics. |
| 504 | _aIncludes index. | ||
| 906 |
_a7 _bcbc _corignew _d2 _encip _f19 _gy-gencatlg |
||
| 942 |
_2ddc _cBK |
||
| 999 |
_c47343 _d47343 |
||